00837nam a2200205Ia 4500003000900000008004100009040001600050080001400066245011300080260008500193300002300278650004400301650004200345650004900387700004600436700003600482942000700518999001500525952009100540IN-BaIIA211028s9999 xx 000 0 eng d cIIA Library a6.09bBHA 0aProf.Srinivasa Ramanujan commemorationccompiled by Swaminatha Subramani Aiyer; edited by Ramananda Bharathi aMadrasbThe Professor Srinivasa Ramanujan,International Memorial Committeec1974 a[various pagings.] a Biography-Srinivasa Ramanujan 98295 a Srinivasa Ramanujan Biography98296 aAstronomy and Astrophysics Thesaurus 91143 aAiyer, Swaminatha Subramani., comp.98297 aBharathi, Ramananda., ed.98298 cBK c4685d4685 00104070aBANbBANcGENd1975-02-12l0o06.09/ BHAp5231r2021-11-05w1975-02-12yBK